• 首页
  • 本馆介绍
  • 公告通知
  • 最新文献
  • 馆藏检索
  • 电子资源
  • 读者导购
  • 参考咨询
  • 我的图书馆
  • 登录
  • 详细信息显示
  • 放入我的书架
  • 预约/预借图书
  • 作者相关作品
  • 分类相关作品
  • 丛书相关作品
  • 出版社相关作品

书目信息

  • 表格格式
  • 工作单格式
  • 卡片格式
题名:
禽的生产与经营
    
 
作者: 尤明珍 主编
分册:  
出版信息: 北京   高等教育出版社  2010
页数: 197页
开本: 26cm
丛书名:
单 册:
中图分类: S83
科图分类:
主题词: 养禽学--中等专业教育--教材 , 养禽学
电子资源:
ISBN: 978-7-04-029846-8
000 00894nam0 2200277 450
001 012015000233
005 20150914164034.50
010    @a978-7-04-029846-8@dCNY29.80
100    @a20101027d2010 em y0chiy50 ea
101 0  @achi
102    @aCN@b110000
105    @aa z 000yy
106    @ar
200 1  @a禽的生产与经营@Aqin de sheng chan yu jing ying@f尤明珍,张玲主编
205    @a2版
210    @a北京@c高等教育出版社@d2010
215    @a197页@c图@d26cm@e1光盘
300    @a中等职业教育国家规划教材 养殖/畜牧兽医类专业
307    @a附光盘:ISBN 978-7-89469-568-0
330    @a本书以禽的生产与经营为主线,系统地介绍了家禽品种、孵化、饲养管理、疾病防治、经营管理的知识与技能等内容。
606 0  @a养禽学@x中等专业教育@j教材
606 0  @a养禽学
690    @aS83@v5
701  0 @a尤明珍@Ayou ming zhen@4主编
801  0 @aCN@b碧洲教育@c20150716
905    @a10447@f4@dS83@e115=2
    
    禽的生产与经营/尤明珍,张玲主编.-2版.-北京:高等教育出版社,2010
    197页:图;26cm+1光盘
    中等职业教育国家规划教材 养殖/畜牧兽医类专业
    
    ISBN 978-7-04-029846-8:CNY29.80
    本书以禽的生产与经营为主线,系统地介绍了家禽品种、孵化、饲养管理、疾病防治、经营管理的知识与技能等内容。
●
相关链接 在E读中查询图书 在五车中查询图书 在当当中查询图书 在豆瓣中查询图书


正题名:禽的生产与经营     索取号:S83/115=2         预约/预借

序号 登录号 条形码 馆藏地/架位号 状态 备注
1 0870152   208701528   第二样本阅览室/ [索取号:S83/115=2] 在馆    
2 0870153   208701537   密集书库-生命科学系/ [索取号:S83/115=2] 在馆    
3 0870154   208701546   第三借阅区/ [索取号:S83/115=2] 在馆    
4 0870155   208701555   第三借阅区/ [索取号:S83/115=2] 在馆    
唐山师范学院图书馆 欢迎您!
大连网信软件有限公司© 版权所有